An area of darkness / (Record no. 234092)

000 -LEADER
fixed length control field 00896cam a22002771a 4500
001 - CONTROL NUMBER
control field 9394804
003 - CONTROL NUMBER IDENTIFIER
control field Nust
005 - DATE AND TIME OF LATEST TRANSACTION
control field 20170313150626.0
008 - FIXED-LENGTH DATA ELEMENTS--GENERAL INFORMATION
fixed length control field 810513s1964 enk 000 0 eng
010 ## - LIBRARY OF CONGRESS CONTROL NUMBER
LC control number 65000750
015 ## - NATIONAL BIBLIOGRAPHY NUMBER
National bibliography number GB64-16654
020 ## - INTERNATIONAL STANDARD BOOK NUMBER
International Standard Book Number 9780330487160
035 ## - SYSTEM CONTROL NUMBER
System control number (OCoLC)7414774
040 ## - CATALOGING SOURCE
Original cataloging agency DLC
Transcribing agency OAkU
Modifying agency OCoLC
-- Uk
-- DLC
042 ## - AUTHENTICATION CODE
Authentication code premarc
043 ## - GEOGRAPHIC AREA CODE
Geographic area code a-ii---
050 00 - LIBRARY OF CONGRESS CALL NUMBER
Classification number DS421
Item number .N3 1964
082 ## - DEWEY DECIMAL CLASSIFICATION NUMBER
Classification number 823.91
Author Mark NAI
100 1# - MAIN ENTRY--PERSONAL NAME
Personal name Naipaul, V. S.
Fuller form of name (Vidiadhar Surajprasad),
Dates associated with a name 1932-
245 13 - TITLE STATEMENT
Title An area of darkness /
Statement of responsibility, etc. V.S. Naipaul.
260 ## - PUBLICATION, DISTRIBUTION, ETC.
Place of publication, distribution, etc. London :
Name of publisher, distributor, etc. A. Deutsch,
Date of publication, distribution, etc. 1964.
300 ## - PHYSICAL DESCRIPTION
Extent 290 p. ;
Dimensions 22 cm.
600 10 - SUBJECT ADDED ENTRY--PERSONAL NAME
Personal name Naipaul, V. S.
Fuller form of name (Vidiadhar Surajprasad),
Dates associated with a name 1932-
651 #0 - SUBJECT ADDED ENTRY--GEOGRAPHIC NAME
Geographic name India
General subdivision Description and travel.
651 #0 - SUBJECT ADDED ENTRY--GEOGRAPHIC NAME
Geographic name India
General subdivision Social life and customs.
906 ## - LOCAL DATA ELEMENT F, LDF (RLIN)
a 7
b cbc
c oclcrpl
d u
e ncip
f 19
g y-gencatlg
942 ## - ADDED ENTRY ELEMENTS (KOHA)
Source of classification or shelving scheme
Koha item type Book
Holdings
Withdrawn status Lost status Source of classification or shelving scheme Damaged status Not for loan Permanent Location Current Location Shelving location Date acquired Total Checkouts Total Renewals Full call number Barcode Date last seen Date last checked out Copy number Price effective from Koha item type
          Central Library (CL) Central Library (CL) Fiction 03/13/2017 1 2 813 NAI CL850 07/06/2024 12/02/2018 1 03/13/2017 Book
© 2023 Central Library, National University of Sciences and Technology. All Rights Reserved.